000 01106cam a22003254a 4500
001 2313
003 FISKH
005 20231116080940.0
008 060830r20061983nyua j 001 0beng
010 _a 2006281806
020 _a0439660416 (pbk.)
020 _a9780439660419
040 _aDLC
_cDLC
_dDLC
_beng
050 0 0 _aTL540.E3
_bS23 2006
082 0 0 _a629.13092
_aB
_222
100 1 _aSabin, Francene.
245 1 0 _aAmelia Earhart :
_badventure in the sky /
_cby Francene Sabin and Joanne Mattern ; illustrated by Karen Milone.
260 _aNew York :
_bScholastic,
_c2006.
300 _a50 pages :
_billustrations ;
_c20 cm
505 _aU
520 _aA biography of an aviation pioneer, emphasizing her childhood.
521 8 _a820
_bLexile
521 8 _aU
_bRaz-Plus
600 1 0 _aEarhart, Amelia,
_d1897-1937
_vJuvenile literature.
650 0 _aAir pilots
_zUnited States
_vBiography
_vJuvenile literature.
700 1 _aMattern, Joanne,
_d1963-
_eAuthor
700 1 _aMilone, Karen
_eillustrations
906 _a7
_bcbc
_corignew
_d2
_encip
_f20
_gy-gencatlg
942 _2ddc
_cBK
_n0
999 _c2313
_d2313